[Event "HUN-chT2 Breyer 2122"]
[White "Vida, Daniel"]
[Black "Banhazi, Andras"]
[Site "Hungary"]
[Round "1.8"]
[Result "1-0"]
[Date "2021.10.10"]
[WhiteElo "1971"]
[BlackElo "1980"]
[PlyCount "47"]
[EventDate "2021.10.10"]
[EventType "team-tourn"]
[EventRounds "9"]
[EventCountry "HUN"]
[SourceTitle "EXT 2025"]
[Source "ChessBase"]
[SourceDate "2024.10.14"]
[SourceVersion "1"]
[SourceVersionDate "2024.10.14"]
[SourceQuality "1"]
[WhiteTeam "Biatorbagy II"]
[BlackTeam "Varosgazda Akademia"]
[WhiteTeamCountry "HUN"]
[BlackTeamCountry "HUN"]

1. d4 Nf6 2. Nf3 g6 3. Bf4 Bg7 4. e3 0-0 5. Bd3 c5 6. c3 d6 7. Qc2 Re8 8. Nbd2 Nc6 9. h4 cxd4 10. exd4 e5 11. dxe5 Nh5 12. Bg5 Qc7 13. 0-0 dxe5 14. Ne4 Bf5 15. Nh2 Nf4 16. g4 Bxe4 17. Bxe4 h6 18. Bxf4 exf4 19. Rfe1 Ne5 20. Rad1 Qe7 21. Nf3 Nxf3+ 22. Bxf3 Qxh4 23. Qa4 Qg5 24. Rxe8+ 1-0